000 01017cam a2200217 4500
001 WB3811-10
008 020319n2002 000 0 eng u
035 _a(Sirsi) u117163
245 _aNew university course
260 _c2002
490 _aNegotiator
_v17(3) 15 March 2002, 9(1)
520 _aLondon's South Bank University's Centre for Surveying is introducing a new higher national certificate (HNC) in residential surveying in anticipation of the Sellers' Information Pack becoming law. The course will cover the skills needed to conduct mortgage valuations, homebuyer reports and the home condition report (HCR), with background studies in law, town planning and finance. Centre for Surveying at http://pisces.sbu.ac.uk/BE/SURV/
590 _aWB
650 _aSELLERS INFORMATION PACKS
650 _aSOUTH BANK UNIVERSITY
650 _aRESIDENTIAL SURVEYS
650 _aHOME CONDITION REPORTS
650 _aPROFESSIONAL QUALIFICATIONS
690 _aCAREERS, EDUCATION AND TRAINING
942 _n0
999 _c69801
_d69801